| 000 | 01261nac a22003491u 4500 | ||
|---|---|---|---|
| 010 | _a 75647923 | ||
| 020 | _a0810300265 | ||
| 022 | _a0360-1536 | ||
| 035 | _a(OCoLC)ocm02244000 | ||
| 082 | 0 | 0 |
_a810.90052 _bCON |
| 090 |
_c9976 _d9976 |
||
| 100 | _a20080729 | ||
| 245 | 0 | 0 |
_aContemporary authors: _bA bio-bibliographical guide to current authors and their works/ |
| 260 |
_aDetroit, _bGale Research Co.,1975- _c1975- |
||
| 300 |
_av.; _c29 cm. |
||
| 500 | _aDonations | ||
| 500 | _aDonations: AUC | ||
| 505 | _aIssues: V.49-52; V.53-56(1975) | ||
| 505 | _aIssues: V.61-64; V.57-60 (1976) | ||
| 505 | _aIssues:V.65-68(1977) | ||
| 505 | _aIssues:V.73-76(1978) | ||
| 511 | _aCatalogued by: wessam | ||
| 650 | 0 |
_aAuthors, American _y20th century _xBio-bibliography _vPeriodicals. |
|
| 651 | 0 | _aUnited States | |
| 942 |
_cNB _k810.90052CON |
||
| 999 |
_c9976 _d9976 |
||